[Event "Open"]
[Site "Kavala GRE"]
[Date "2009.08.03"]
[Round "4"]
[White "Halkias,S"]
[Black "Grigorov,G"]
[Result "1/2-1/2"]
[WhiteElo "2564"]
[BlackElo "2489"]

1.d4 Nf6 2.c4 e6 3.Nf3 b6 4.Nc3 Bb7 5.Bg5 Be7 6.e3 h6 7.Bh4 O-O 8.Qc2 c5
9.dxc5 bxc5 10.Be2 d6 11.O-O Nbd7 12.Rfd1 Qb6 13.Rd2 Rfd8 14.Rad1 a6 15.Bg3 Nf8
16.Ne1 Rd7 17.Bf3 Rad8 18.Bxb7 Qxb7 19.Nf3 Ng6 20.h3 d5 21.cxd5 Nxd5 22.Nxd5 exd5
23.b3 Qb5 24.h4 Bf6 25.h5 Nf8 26.Be5 Nh7 27.Rc1 Be7 28.Bb2 a5 29.Ne5 Ng5
30.Nxd7 Qxd7 31.Qd1 Qf5 32.Qe2 Bd6 33.Rdc2 Re8 34.Rxc5 Re4 35.Rc8+ Kh7 36.R8c6  1/2-1/2

[Event "110th US Open"]
[Site "Indianapolis USA"]
[Date "2009.08.05"]
[Round "5"]
[White "O'Donnell,R"]
[Black "Shapiro,D"]
[Result "1-0"]
[WhiteElo "2054"]
[BlackElo "1882"]


1.d4 Nf6 2.c4 e6 3.Nf3 b6 4.Nc3 Bb7 5.a3 d5 6.cxd5 Nxd5 7.Qc2 Nxc3 8.bxc3 c5
9.e4 Nc6 10.Be3 Be7 11.Bd3 Rc8 12.Qe2 O-O 13.O-O cxd4 14.cxd4 Qd6 15.Rfd1 Na5
16.a4 f5 17.exf5 exf5 18.Bc1 Rc7 19.Ba3 Qf6 20.Bb2 Bd5 21.Qe5 Bxf3 22.Qxc7 Bd6
23.Qc3 Bxh2+ 24.Kxh2 Qh4+ 25.Kg1 Qg4 26.Bf1 Bxd1 27.f3 Bxf3 28.Qxf3 Qh4 29.Rc1 Qe7
30.Ba3 Qg5 31.Re1 Rd8 32.Rd1 Qf6 33.d5 Nb7 34.Qe2 h6 35.Bb2 Qf7 36.Qf3 Nc5
37.Bc4 Nxa4 38.Be5 Re8 39.Qf4 g5 40.Qd4 Kh7 41.Bb5  1-0

[Event "16th Vienna Open"]
[Site "Vienna AUT"]
[Date "2009.08.17"]
[Round "3"]
[White "Arutinian,D"]
[Black "Brinck Claussen,B"]
[Result "1-0"]
[WhiteElo "2526"]
[BlackElo "2314"]

1.d4 Nf6 2.c4 e6 3.Nf3 b6 4.Nc3 Bb7 5.e3 d5 6.cxd5 exd5 7.Bb5+ c6 8.Bd3 Nbd7
9.O-O Be7 10.b3 O-O 11.Bb2 Bd6 12.Rc1 Qe7 13.Qc2 Rae8 14.Bf5 g6 15.Bh3 b5
16.Ne2 b4 17.Nf4 Ne4 18.Bxd7 Qxd7 19.Ne5 Qe7 20.Nfd3 Rc8 21.f3 Ng5 22.Rfe1 f6
23.Ng4 Rce8 24.Kh1 Kg7 25.Qd2 a5 26.e4 Ne6 27.e5 fxe5 28.dxe5 Bb8 29.Nc5 Ba7
30.Nxe6+ Qxe6 31.Bd4 Bxd4 32.Qxd4 Ra8 33.h3 Bc8 34.Rxc6  1-0

[Event "5th Geller Mem Open A"]
[Site "Odessa UKR"]
[Date "2009.08.20"]
[Round "1"]
[White "Poluektov,Y2"]
[Black "Ivanov,Vladim"]
[Result "1-0"]
[WhiteElo "2385"]
[BlackElo "2093"]

1.d4 Nf6 2.Nf3 e6 3.c4 b6 4.Nc3 Bb7 5.Bg5 Be7 6.Qc2 d5 7.cxd5 exd5 8.e3 O-O
9.Bd3 Nbd7 10.O-O c5 11.Ne5 h6 12.Nxd7 Nxd7 13.Bxe7 Qxe7 14.Rfd1 Nf6 15.Rac1 c4
16.Bf1 Bc6 17.e4 b5 18.e5 Nd7 19.Re1 b4 20.Nd1 a5 21.Ne3 a4 22.a3 bxa3 23.Nf5 Qb4
24.bxa3 Qxa3 25.Re3 Qb4 26.Rb1 Qa5 27.Ne7+ Kh8 28.Nxc6 Qc7 29.Ne7 Nc5 30.Nxd5 Qd8
31.dxc5 Qxd5 32.Qxc4 Qc6 33.Ra3 Ra5 34.Rb5 Ra7 35.Rxa4 Re7 36.Rb6 Qc7 37.f4 Rd7
38.Rd6 Re7 39.Qd5 Kh7 40.Bd3+ g6 41.f5  1-0

[Event "5th Geller Mem Open A"]
[Site "Odessa UKR"]
[Date "2009.08.21"]
[Round "2"]
[White "Dmitrenko,V"]
[Black "Promskij,G"]
[Result "1-0"]
[WhiteElo "2375"]
[BlackElo "2084"]

1.Nf3 Nf6 2.c4 e6 3.Nc3 b6 4.d4 Bb7 5.a3 Be7 6.d5 exd5 7.cxd5 Ba6 8.g3 O-O
9.Bg2 Re8 10.O-O d6 11.Nd4 Nbd7 12.Nc6 Qc8 13.Bh3 Qb7 14.b4 Bc4 15.Bg2 b5
16.Bb2 Bf8 17.Re1 Ng4 18.Qd4 Ndf6 19.Na5 Qb6 20.Qxb6 cxb6 21.Nxc4 bxc4 22.Nb5 Rec8
23.Rec1 a6 24.Nd4 Ne5 25.h3 b5 26.f4 Ned7 27.a4 bxa4 28.Rxa4 Nb6 29.Ra5 Re8
30.Kf2 Ne4+ 31.Bxe4 Rxe4 32.Kf3 Rae8 33.Ne6 c3 34.Bxc3 Rxb4 35.Nxf8 Kxf8
36.Rxa6  1-0

[Event "5th Geller Mem Open A"]
[Site "Odessa UKR"]
[Date "2009.08.25"]
[Round "6"]
[White "Bogdanov,O"]
[Black "Mazurchak,B"]
[Result "1-0"]
[WhiteElo "2287"]
[BlackElo "2187"]

1.d4 Nf6 2.Nf3 e6 3.c4 b6 4.Nc3 Bb4 5.Bg5 Bb7 6.Nd2 Bxc3 7.bxc3 d6 8.e3 Nbd7
9.f3 e5 10.Be2 c5 11.O-O h6 12.Bh4 Qe7 13.d5 g5 14.Bg3 O-O-O 15.Kh1 Nh5 16.Be1 f5
17.g4 Ng7 18.gxf5 Nxf5 19.Bf2 Rdf8 20.Bd3 h5 21.Qc2 Nh6 22.Bg6 h4 23.h3 Kc7
24.Bh5 Nf6 25.Bg4 Nhxg4 26.fxg4 Bc8 27.Bg1 Nxg4 28.hxg4 Bxg4 29.Qe4 Bh3 30.Rxf8 Rxf8
31.Kh2 Qd7 32.Qg6 g4 33.Qe6 g3+ 34.Kxh3  1-0

[Event "2nd Bolivar Open"]
[Site "Buenos Aires ARG"]
[Date "2009.08.26"]
[Round "3"]
[White "Nedilsky,D"]
[Black "Real de Azua,E"]
[Result "1/2-1/2"]
[WhiteElo "2285"]
[BlackElo "2445"]

1.d4 Nf6 2.c4 e6 3.Nf3 b6 4.Nc3 Bb7 5.a3 d5 6.cxd5 Nxd5 7.Qc2 Nxc3 8.bxc3 c5
9.e4 Nc6 10.Be3 cxd4 11.cxd4 Rc8 12.Qa4 Be7 13.Ba6 Bxa6 14.Qxa6 O-O 15.O-O Qd7
16.Rfd1 Nb8 17.Qd3 Qa4 18.d5 Rfd8 19.Bg5 f6 20.Bd2 Na6 21.Bb4 Nc5 22.Qe2  1/2-1/2

[Event "XIX EYCC Boys U14"]
[Site "Fermo ITA"]
[Date "2009.09.02"]
[Round "3"]
[White "Lapidus,M"]
[Black "Johansson,LE"]
[Result "0-1"]
[WhiteElo "1921"]
[BlackElo "2239"]

1.Nf3 Nf6 2.c4 b6 3.d4 e6 4.Nc3 Bb4 5.e3 Bb7 6.Be2 O-O 7.O-O Bxc3 8.bxc3 d6
9.Qb3 Nbd7 10.Rd1 Ne4 11.Nd2 f5 12.f3 Nxd2 13.Bxd2 Qe7 14.Be1 Kh8 15.Bg3 e5
16.Re1 g5 17.Bf1 Rg8 18.Qa4 h5 19.Rad1 h4 20.Bf2 g4 21.fxg4 Rxg4 22.d5 Nc5
23.Qc2 Qf7 24.h3 Re4 25.Be2 Qg6 26.Kh1 Rg8 27.Rg1 Bc8 28.Rde1 Qg5 29.a3 Ba6
30.Qa2 Nd7 31.Bd3 Nc5 32.Be2 Rxe3 33.Bxe3 Qxe3 34.Bg4 Qg5 35.Bf3 Qf4 36.Qc2 Bxc4
37.Rd1 Ne4 38.Bxe4 fxe4 39.Qa4 e3 40.Rde1 Bxd5 41.Qd1 Bc4 42.Qh5+ Kg7 43.Qf3 e2
44.Qc6 Qf7 45.Qe4 Kf8 46.Qxh4 Ke8 47.Qe4 Bd5 48.Qxe2 Rg3 49.Kh2 Qf4 50.Qh5+ Kd7
51.Kh1 Qg5 52.Qxg5 Rxh3+  0-1

[Event "2nd WTeam w"]
[Site "Ningbo CHN"]
[Date "2009.09.05"]
[Round "4"]
[White "Javakhishvili,L"]
[Black "Gomes,Mary"]
[Result "1-0"]
[WhiteElo "2472"]
[BlackElo "2396"]

1.d4 e6 2.c4 Nf6 3.Nf3 b6 4.Nc3 Bb4 5.Qc2 Bb7 6.Bg5 h6 7.Bh4 g5 8.Bg3 Ne4
9.O-O-O Bxc3 10.bxc3 Qe7 11.Kb2 b5 12.e3 bxc4 13.Bxc4 d5 14.Bd3 Nxg3 15.hxg3 Nd7
16.Ka1 a5 17.Rb1 Ba6 18.Bxa6 Rxa6 19.c4 dxc4 20.Qxc4 Ra7 21.Ne5 Qd6 22.Qa4 Ra8
23.Rhc1 Rc8 24.Rc6 Qe7 25.Rxc7  1-0

[Event "TCh-SRB 1st League"]
[Site "Kragujevac SRB"]
[Date "2009.09.10"]
[Round "9"]
[White "Nestorovic,De"]
[Black "Jeremic,V"]
[Result "0-1"]
[WhiteElo "2434"]
[BlackElo "2494"]

1.d4 Nf6 2.c4 e6 3.Nf3 b6 4.Nc3 Bb7 5.a3 d5 6.Bg5 Be7 7.cxd5 exd5 8.Qa4+ c6
9.e3 O-O 10.Be2 Nbd7 11.O-O Ne4 12.Bxe7 Qxe7 13.Rac1 Nd6 14.Nd2 a5 15.Bf3 f5
16.Ne2 Ne4 17.Qc2 g5 18.g3 Rf6 19.Bg2 Raf8 20.Rfe1 Kh8 21.Nf1 Nd6 22.a4 Re6
23.Red1 Ne4 24.b3 Ndf6 25.f3 Nd6 26.Qd2 Re8 27.Rc2 Nf7 28.Nc1 g4 29.f4 Ne4
30.Qe1 Ba6 31.Nd3 Bxd3 32.Rxd3 Nd8 33.Rd1 Qa3 34.Rb1 Nd6 35.Qc3 Qb4 36.Rbc1 Kg8
37.Qd3 Ne4 38.Bxe4 Rxe4 39.Qc3 R4e6 40.Qxb4 axb4 41.a5 bxa5 42.Rc5 Nb7 43.Rxc6 Kf7
44.h3 h5 45.h4 Rxc6 46.Rxc6 Re6 47.Rc7+ Re7 48.Rc6 Ke8 49.Kf2 Kd7 50.Rh6 Nd6
51.Nd2 Kc6 52.Rxh5 Ra7 53.Rh8 a4 54.bxa4 Rxa4 55.h5 Ra2 56.Ke1 Nc4 57.h6 Rxd2
58.h7 Rh2 59.Rc8+ Kb7 60.h8=Q Rxh8 61.Rxh8 b3 62.Kd1 Nxe3+ 63.Ke2 b2 64.Rh1 Nc4
65.Rb1 Kb6 66.Kd3 Kb5 67.Kc3 Ka4 68.Rh1 Ka3 69.Rh8 Ka2 70.Ra8+ Na3  0-1

[Event "TCh-SRB w"]
[Site "Pozarevac SRB"]
[Date "2009.09.21"]
[Round "8"]
[White "Sekulic,I"]
[Black "Bojovic,J"]
[Result "0-1"]
[WhiteElo "1780"]
[BlackElo "1878"]

1.d4 Nf6 2.Nf3 e6 3.c4 b6 4.Nc3 Bb7 5.e3 Bb4 6.a3 Bxc3+ 7.bxc3 O-O 8.Bd3 Nc6
9.O-O Na5 10.Nd2 Rc8 11.e4 d5 12.cxd5 exd5 13.Re1 dxe4 14.Nxe4 Nxe4 15.Bxe4 Bxe4
16.Rxe4 Qd5 17.Qc2 Rfe8 18.Rxe8+ Rxe8 19.Be3 Nc4 20.Qa4 Ra8 21.Re1 Nd6 22.Qb4 Re8
23.Bd2 Rxe1+ 24.Bxe1 Qe4 25.c4 Qxd4 26.Qc3 Qxc3 27.Bxc3 Nxc4 28.a4 f6 29.Kf1 Kf7
30.Ke2 Ke6 31.Kd3 Kd5 32.f4 Nd6 33.g3 Ne4 34.Bb2 Nc5+ 35.Ke3 Nxa4 36.Ba3 c5
37.Kd3 b5 38.h4 b4 39.Bc1 b3 40.Ba3 c4+ 41.Kd2 Kd4 42.h5 c3+ 43.Kc1 Kd3  0-1

[Event "18th TCh-CRO"]
[Site "Sibenik CRO"]
[Date "2009.09.22"]
[Round "2"]
[White "Lenic,L"]
[Black "Doric,D"]
[Result "1-0"]
[WhiteElo "2575"]
[BlackElo "2456"]

1.d4 Nf6 2.c4 e6 3.Nf3 b6 4.Nc3 Bb4 5.Qc2 c5 6.a3 Bxc3+ 7.Qxc3 Bb7 8.e3 O-O
9.Be2 d6 10.b4 Nbd7 11.Bb2 Rc8 12.dxc5 dxc5 13.b5 Qc7 14.O-O Rfe8 15.Nd2 e5
16.f3 Nf8 17.Rfd1 Rcd8 18.Nf1 Ng6 19.a4 Qc8 20.a5 Qc7 21.Ng3 Kf8 22.Qc2 Rxd1+
23.Rxd1 Rd8 24.a6 Bc8 25.Rxd8+ Qxd8 26.Bd3 Qd6 27.Bf5 Bd7 28.Kf2 Be6 29.Bxe6 Qxe6
30.Qd3 Ne8 31.Ne4 Ke7 32.Ba3 Nd6 33.Bxc5 bxc5 34.Qxd6+  1-0

[Event "TCh-ISL 2009-10"]
[Site "Rekjavik ISL"]
[Date "2009.09.25"]
[Round "1"]
[White "Halldorsson,G"]
[Black "Vilmundarson,L"]
[Result "1-0"]
[WhiteElo "2229"]
[BlackElo "2036"]

1.d4 Nf6 2.c4 e6 3.Nf3 b6 4.Nc3 Bb7 5.a3 Be7 6.d5 O-O 7.e4 d6 8.Be2 c6 9.dxe6 fxe6
10.Ng5 Qc8 11.f4 e5 12.c5 d5 13.fxe5 Nfd7 14.Bg4 Bxg5 15.Bxg5 Qe8 16.e6 Nf6
17.O-O Na6 18.exd5 cxd5 19.cxb6 axb6 20.Bxf6 gxf6 21.Qd4 Nc5 22.Rae1 Qc6
23.Bf5 Rae8 24.Bxh7+ Kxh7 25.Qh4+ Kg8 26.Qg4+  1-0

[Event "TCh-ISL 2009-10"]
[Site "Rekjavik ISL"]
[Date "2009.09.26"]
[Round "3"]
[White "Berg,R"]
[Black "Steindorsson,S"]
[Result "1/2-1/2"]
[WhiteElo "2129"]
[BlackElo "2216"]

1.d4 Nf6 2.c4 e6 3.Nf3 b6 4.Nc3 Bb7 5.Bg5 Bb4 6.e3 O-O 7.Be2 h6 8.Bh4 d5
9.cxd5 exd5 10.O-O Bxc3 11.bxc3 Qd6 12.Bxf6 Qxf6 13.Ne5 Rd8 14.Bh5 g6 15.Bf3 Nd7
16.Nxd7 Rxd7 17.c4 Rad8 18.Qc2 c5 19.dxc5 bxc5 20.cxd5 Bxd5 21.e4 Ba8 22.Rac1 Rd2
23.Qxc5 Rxa2 24.e5 Qe6 25.Bxa8 Rxa8 26.Ra1  1/2-1/2

[Event "Chigorin Mem Open"]
[Site "St Petersburg RUS"]
[Date "2009.10.24"]
[Round "9"]
[White "Bocharov,D"]
[Black "Tunik,G"]
[Result "0-1"]
[WhiteElo "2607"]
[BlackElo "2493"]

1.d4 Nf6 2.c4 e6 3.Nf3 b6 4.Nc3 Bb4 5.Qb3 c5 6.Bg5 Nc6 7.d5 Na5 8.Qc2 exd5
9.cxd5 c4 10.e4 h6 11.Bh4 g5 12.Bg3 Nh5 13.Be2 Nxg3 14.hxg3 Qf6 15.e5 Qg7
16.O-O-O g4 17.Nd4 Qxe5 18.Ne4 Bb7 19.Rh5 Qg7 20.Nf5 Qg6 21.Bxg4 O-O-O 22.f3 Kb8
23.Qe2 c3 24.bxc3 Rc8 25.Qe3 Bxc3 26.Kb1 Be5 27.Ne7 Qg7 28.Nxc8 Rxc8 29.Bxd7 Rd8
30.Bb5 Bxd5 31.Rc1 f6 32.Rh4 Be6 33.Qa3 f5 34.Nc3 Bxg3 35.Ra4 Bd6 36.Qb2 Nb7
37.Bc4 Bxc4 38.Rxc4 Be5 39.Qb4 Na5 40.Rh4 Qxg2 41.f4 Bg7 42.Rhh1 Rd4 43.Qb5 Nc4
44.Rhg1 Qd2 45.Qb3 Qxf4 46.Rcd1 Be5 47.Ka1 Qe3 48.Rc1 Rg4 49.Rge1 Qc5 50.Red1 Rg3
51.Qa4 Nd6  0-1

[Event "Chigorin Mem Open"]
[Site "St Petersburg RUS"]
[Date "2009.10.24"]
[Round "9"]
[White "Kazhgaleyev,M"]
[Black "Melkumyan,H"]
[Result "0-1"]
[WhiteElo "2643"]
[BlackElo "2569"]

1.d4 Nf6 2.c4 e6 3.Nf3 b6 4.Nc3 Bb7 5.a3 d5 6.cxd5 Nxd5 7.Qc2 Nxc3 8.bxc3 Be7
9.e4 Nd7 10.Bd3 c5 11.O-O Qc7 12.Qe2 O-O 13.Be3 Rfd8 14.h4 Rac8 15.a4 Nf6
16.Ng5 h6 17.e5 Qc6 18.f4 hxg5 19.exf6 Bxf6 20.Bb5 Qd5 21.fxg5 cxd4 22.Bf4 d3
23.Qg4 Bxc3 24.Rad1 Qe4 25.Qg3 Bd4+ 26.Kh1 Rc2 27.Rd2 Rxd2 28.Bxd2 Qe2 29.Bxd3 Qxd2
30.g6 Be5 31.Qg4 Qxg2+ 32.Qxg2 Bxg2+ 33.Kxg2 Rxd3  0-1

[Event "TCh-SLO East 1st League"]
[Site "Sentjur SLO"]
[Date "2009.10.25"]
[Round "4"]
[White "Jug,S"]
[Black "Kragelj,I"]
[Result "0-1"]
[WhiteElo "2040"]
[BlackElo "2216"]

1.d4 Nf6 2.Nf3 e6 3.c4 b6 4.Nc3 Bb7 5.a3 d5 6.cxd5 Nxd5 7.Qc2 Nxc3 8.bxc3 Be7
9.e4 O-O 10.Bc4 c5 11.Bb2 Qc8 12.Rc1 Ba6 13.Qe2 Bxc4 14.Qxc4 Qb7 15.Qe2 Nd7
16.O-O cxd4 17.cxd4 Nf6 18.Rfe1 Rac8 19.Rcd1 Rfe8 20.h3 h6 21.Rd2 b5 22.Ne5 a5
23.d5 exd5 24.exd5 Bd6 25.Qd1 Re7 26.Ng4 Rxe1+ 27.Qxe1 Nxg4 28.hxg4 Qd7 29.Rd3 Qxg4
30.g3 b4 31.axb4 axb4 32.Qa1 Re8 33.Qd1 Qg6 34.Qf3 h5 35.Kg2 h4 36.Rd4 Be5
37.Rg4 h3+ 38.Kh2 Qd6 39.Bxe5 Rxe5  0-1

[Event "17th TCh-Eur"]
[Site "Novi Sad SRB"]
[Date "2009.10.30"]
[Round "9"]
[White "Johannessen,LE"]
[Black "Mchedlishvili,M"]
[Result "1/2-1/2"]
[WhiteElo "2532"]
[BlackElo "2613"]

1.d4 Nf6 2.c4 e6 3.Nf3 b6 4.Nc3 Bb4 5.Bg5 Bb7 6.Nd2 h6 7.Bh4 Be7 8.e4 Nxe4
9.Bxe7 Nxc3 10.Bxd8 Nxd1 11.Bxc7 Nxb2 12.a4 d5 13.cxd5 exd5 14.Ra2 Nc4 15.Nxc4 dxc4
16.Bxc4 O-O 17.d5 Na6 18.Bxa6 Bxa6 19.d6 Rfe8+ 20.Kd1 Bc8 21.Kd2 Re5 22.a5 bxa5
23.Rxa5 Rxa5 24.Bxa5 Bd7 25.Rb1 Bc6 26.Rc1 Rc8 27.Ke3 Bd7 28.Rb1 Bc6 29.Kd4 f6
30.Bc7 Kf7 31.Kc5 Bd7 32.Re1 Re8 33.Rxe8  1/2-1/2

[Event "Las Americas Open"]
[Site "Medellin COL"]
[Date "2009.11.13"]
[Round "3"]
[White "Barros,R1"]
[Black "Panesso Rivera,H"]
[Result "1/2-1/2"]
[WhiteElo "2034"]
[BlackElo "2264"]

1.d4 Nf6 2.c4 e6 3.Nf3 b6 4.Nc3 Bb7 5.e3 Be7 6.Bd3 O-O 7.O-O d5 8.b3 Na6
9.Bb2 c5 10.cxd5 exd5 11.Rc1 Ne4 12.Ne2 Rc8 13.dxc5 bxc5 14.Bxe4 dxe4 15.Ne5 Nb4
16.a3 Nd3 17.Nxd3 exd3 18.Nf4 Bf6 19.Bxf6 Qxf6 20.Qd2 Rfd8 21.Rfd1 Qa6 22.Rc3 Qxa3
23.Rxd3 Rxd3 24.Qxd3 h6 25.h3 c4 26.bxc4 Qxd3 27.Rxd3 Rxc4 28.Rd8+ Kh7 29.Rd7 Rb4
30.Rxf7 a5 31.Rf5 a4 32.Ra5 Bc6 33.Ne6 Rc4 34.Ra7  1/2-1/2

[Event "Waling Dijkstra GpA"]
[Site "Leeuwarden NED"]
[Date "2009.11.14"]
[Round "2"]
[White "De Dreu,D"]
[Black "Zherebukh,Y"]
[Result "0-1"]
[WhiteElo "2019"]
[BlackElo "2527"]

1.d4 Nf6 2.Nf3 e6 3.c4 b6 4.Nc3 Bb7 5.e3 Be7 6.Be2 O-O 7.O-O d5 8.Qc2 Nbd7
9.cxd5 Nxd5 10.e4 Nxc3 11.bxc3 c5 12.Bf4 Nf6 13.Bd3 c4 14.Bxc4 Bxe4 15.Qe2 Rc8
16.Ne5 b5 17.Bxb5 Rxc3 18.Bd2 Rc2 19.Bd3 Bxd3 20.Qxd3 Rc8 21.Rac1 Qd6 22.f4 g6
23.Rxc8 Rxc8 24.Rc1 Rxc1+ 25.Bxc1 Qd5 26.Qc4 Qe4 27.h3 Kg7 28.Kh2 Bd6 29.Qd3 Qd5
30.Qc4 Bxe5 31.Qxd5 Bxf4+ 32.Bxf4 Nxd5 33.Bd2 Kf6 34.Kg3 Ke7 35.Kg4 Nf6+
36.Kf3 Kd6 37.Bc1 Kd5 38.g4 Ne4 39.h4 Nc3 40.a3 Nb5  0-1

[Event "FSIM November"]
[Site "Budapest HUN"]
[Date "2009.11.15"]
[Round "9"]
[White "Simonyi,Z"]
[Black "Szabo,Ben"]
[Result "0-1"]
[WhiteElo "2192"]
[BlackElo "2218"]

1.d4 Nf6 2.c4 e6 3.Nf3 b6 4.Nc3 Bb4 5.Bf4 Bb7 6.e3 Bxc3+ 7.bxc3 O-O 8.Bd3 d6
9.O-O Nbd7 10.Bg5 Qc8 11.Nd2 Re8 12.Qc2 h6 13.Bh4 c5 14.f3 d5 15.Rac1 Ba6
16.Rfd1 Qb7 17.cxd5 Bxd3 18.Qxd3 exd5 19.c4 Qa6 20.Re1 Rac8 21.e4 dxe4 22.fxe4 Nh7
23.e5 cxd4 24.Qxd4 Nc5 25.Ne4 Nxe4 26.Rxe4 Nf8 27.Rf1 Rc7 28.Rg4 Ne6 29.Qf2 Qa3
30.Qf5 Rec8 31.Qh5 Qe3+ 32.Kh1 Qd3 33.Kg1 Qe3+ 34.Kh1 Nf8 35.Rg3 Qd2 36.Bf6 g6
37.e6 Kh7 38.exf7 Rxf7 39.Qg4 Rxf6 40.Rd1 Qf4 41.Qe2 Re8 42.Qd3 Qf5 43.h3 Qxd3
44.Rgxd3 Rfe6 45.Kh2 Re1 46.Rd8 Rxd8 47.Rxd8 Kg7  0-1

[Event "Tch-SLO League"]
[Site "Rogaska Slatina SLO"]
[Date "2009.12.11"]
[Round "1"]
[White "Vospernik,Z"]
[Black "Sakelsek,T"]
[Result "0-1"]
[WhiteElo "2277"]
[BlackElo "2400"]

1.d4 Nf6 2.Nf3 e6 3.c4 b6 4.Nc3 Bb4 5.Bd2 Bb7 6.g3 O-O 7.Bg2 d6 8.O-O Nbd7
9.Qb3 Bxc3 10.Bxc3 Qe7 11.Rad1 c5 12.Qa3 Rfd8 13.b3 Ne4 14.Ba1 f5 15.Qb2 Rac8
16.dxc5 bxc5 17.Nd2 Ndf6 18.Nxe4 Bxe4 19.Bxe4 Nxe4 20.f3 Nf6 21.Qd2 Rd7 22.Qg5 Ne8
23.Qxe7 Rxe7 24.e4 fxe4 25.fxe4 e5 26.Rd3 Rf7 27.Rfd1 Rf6 28.Bc3 Kf7 29.Bd2 h6
30.Rc1 Ke6 31.Ba5 Rf7 32.Rcd1 Rc6 33.a3 Nf6 34.Re1 Ra6 35.b4 Rd7 36.Kg2 Ke7
37.Kf3 Nh7 38.Ke3 Ng5 39.Rf1 Ke8 40.Rd2 Rf7 41.Rxf7 Kxf7 42.Kd3 Ne6 43.Kc2 Nd4+
44.Kb2 Ke7 45.Rf2 Nc6 46.g4 cxb4 47.axb4 Nxa5 48.bxa5 Rxa5 49.h4 Ra4 50.Rc2 Ke6
51.Rc1 Ra6 52.Rf1 Rb6+ 53.Kc3 Rb7 54.Rf8 Rb1 55.Rg8 Rb7 56.Re8+ Re7 57.Rg8 Rf7
58.Re8+ Re7 59.Rg8 a5 60.Ra8 Rf7 61.Re8+ Kd7 62.Ra8 Rf3+ 63.Kd2 Rf4 64.Ke3 Rxg4
65.Rxa5 Rxh4 66.Ra7+ Kc6 67.Rxg7 Rh3+ 68.Kd2 Kc5 69.Rc7+ Kd4 70.Rc6 Rd3+
71.Ke2 Kxe4 72.c5 Re3+ 73.Kf2 d5 74.Rxh6 d4 75.Rd6 Rc3 76.c6 Kd3 77.Kf3 e4+
78.Kf4 Rc5 79.Re6 e3 80.Kf3 Rf5+  0-1

[Event "ch-IND National A"]
[Site "Mumbai IND"]
[Date "2009.12.12"]
[Round "11"]
[White "Murali Krishnan,B"]
[Black "Arun Prasad,S"]
[Result "1/2-1/2"]
[WhiteElo "2407"]
[BlackElo "2570"]

1.d4 Nf6 2.c4 e6 3.Nf3 b6 4.Nc3 Bb4 5.Bd2 Bb7 6.e3 Bxc3 7.Bxc3 Ne4 8.Rc1 O-O
9.Be2 d6 10.O-O Nd7 11.Nd2 Nxd2 12.Qxd2 f5 13.f3 a5 14.b3 Qe7 15.a3 Nf6 16.b4 axb4
17.axb4 Ra4 18.Ra1 Rfa8 19.Rxa4 Rxa4 20.Ra1 Qe8 21.Qd1 Ra8 22.Rxa8 Qxa8 23.Qa1 Qxa1+
24.Bxa1 b5 25.cxb5 Nd5 26.Kf2 Nxb4 27.Bc3 Nd5 28.Bd2 Nb6 29.Ba5 Kf7 30.Bd3 g6
31.Bxb6 cxb6  1/2-1/2

[Event "16th Open A"]
[Site "Zadar CRO"]
[Date "2009.12.14"]
[Round "3"]
[White "Franic,M"]
[Black "Matejovic,J"]
[Result "1-0"]
[WhiteElo "2399"]
[BlackElo "2239"]

1.d4 Nf6 2.c4 e6 3.Nf3 b6 4.Nc3 Bb7 5.Bg5 Be7 6.e3 O-O 7.Bd3 c5 8.O-O cxd4
9.exd4 d6 10.Re1 Nbd7 11.Rc1 Rc8 12.b4 Re8 13.a3 h6 14.Bf4 a6 15.h3 Bf8 16.Bf1 Be7
17.Bh2 Nf8 18.Bd3 N8d7 19.Rc2 Bf8 20.Bf1 Be7 21.Qd3 Bf8 22.Rd2 Be7 23.Rdd1 Bf8
24.Rb1 Ba8 25.Rb2 Be7 26.Nd2 Bf8 27.Nb3 e5 28.d5 g6 29.Qd2 Rc7 30.a4 Bg7
31.a5 Nh7 32.Ra2 bxa5 33.Nxa5 Nb8 34.f3 f5 35.Kh1 Qh4 36.Bg1 Rf7 37.Ra3 Bf8
38.Bf2 Qg5 39.Qxg5 hxg5 40.c5 g4 41.c6 gxf3 42.gxf3 Nf6 43.Bh4 Kg7 44.Bxf6+ Kxf6
45.Na4 Ra7 46.Nb6 Be7 47.Kg2 Bd8 48.Nac4 Bxb6 49.Nxb6 Nxc6 50.dxc6 Bxc6 51.b5 Rb8
52.bxc6 Rxb6 53.Rc1 Rb2+ 54.Kg1 Rc7 55.Rxa6 e4 56.fxe4 fxe4 57.Ra5 Rb4 58.Kf2 Rb6
59.Ke3 Rbxc6 60.Rxc6 Rxc6 61.Kxe4 Rc2 62.Ba6 Rc7 63.Be2 Rc5 64.Ra6 Re5+ 65.Kf3 Rd5
66.Ke3 Re5+ 67.Kd3 Ke7 68.Bf3 Rc5 69.Kd4 Rc2 70.Bg4 Rd2+ 71.Ke4 Kf6 72.Ra5 Rb2
73.Bf3 Rh2 74.Bg4 Rb2 75.Rd5 Rb4+ 76.Kd3 Ke7 77.Bd1 Rf4 78.Ke3 Rf5 79.Rd4 Ra5
80.Kf4 Rf5+ 81.Kg4 Rc5 82.Be2 Rc2 83.Bf3 Rc5 84.Be4 Kf6 85.Kf4 g5+ 86.Kg4 Ke5
87.Ra4 d5 88.Bd3 Rc3 89.Bf5 d4 90.Ra5+ Kf6 91.Ra6+ Ke5 92.Kxg5 Rg3+ 93.Bg4 d3
94.Ra1 Kd4 95.Kf4 Rg2 96.Ra8 Rf2+ 97.Bf3 d2 98.Rd8+ Kc3 99.Kg3 Rf1 100.h4 Re1
101.h5 Re6 102.Kf4 Rf6+ 103.Ke4 Kc2 104.Rc8+ Kb1 105.Rd8 Kc1 106.Bg4 Rc6
107.Rd5 Ra6 108.Kf4 Rh6 109.Kg5 Rh8 110.h6 Kc2 111.Bh5 Kc1 112.Kg6 Rg8+ 113.Kf7  1-0

[Event "16th Open A"]
[Site "Zadar CRO"]
[Date "2009.12.15"]
[Round "4"]
[White "Biliskov,V"]
[Black "Platzgummer,F"]
[Result "0-1"]
[WhiteElo "2290"]
[BlackElo "2380"]

1.d4 Nf6 2.Nf3 e6 3.c4 b6 4.Nc3 Bb7 5.Bg5 Be7 6.e3 h6 7.Bh4 Ne4 8.Nxe4 Bxe4
9.Bg3 d6 10.Bd3 Bb7 11.O-O Nd7 12.e4 Bf6 13.Qd2 g5 14.d5 h5 15.h3 g4 16.Ne1 Qe7
17.f3 gxh3 18.gxh3 Rg8 19.Kh2 Bh4 20.Rg1 O-O-O 21.Qf2 Bxg3+ 22.Rxg3 Qf6 23.f4 Rxg3
24.Kxg3 Nc5 25.Kh2 exd5 26.exd5 c6 27.Rc1 Kb8 28.dxc6 Bxc6 29.b4 Ne6 30.f5 Qe5+
31.Qg3 Nf4 32.h4 Re8 33.Bf1 Kc7 34.c5 bxc5 35.bxc5 dxc5 36.Rc4 Qxe1 37.Rxf4 Qxg3+
38.Kxg3 f6 39.Kf2 Re4 40.Rxe4 Bxe4 41.Be2 Bxf5 42.Bxh5 Kd6 43.Bf7 Ke7 44.Bc4 Be6
45.Bd3 Bxa2 46.h5 Kf8  0-1

[Event "ch-VIE Women Masters"]
[Site "Ho Chi Minh City VIE"]
[Date "2009.12.16"]
[Round "9"]
[White "Hoang Thi Bao Tram"]
[Black "Bui Kim Le"]
[Result "1-0"]
[WhiteElo "2274"]
[BlackElo "2177"]

1.d4 Nf6 2.Nf3 e6 3.c4 b6 4.Nc3 Bb7 5.Bf4 Be7 6.h3 O-O 7.e3 d5 8.cxd5 Nxd5
9.Nxd5 Bxd5 10.Bd3 c5 11.dxc5 Bxc5 12.O-O Nd7 13.Qe2 Qe7 14.e4 Bb7 15.e5 Rac8
16.a3 a5 17.Rab1 Rfe8 18.Rfd1 Bd5 19.Bb5 Red8 20.h4 h6 21.h5 Nf8 22.Bd3 Bb3
23.Rdc1 Ba2 24.Ra1 Bd5 25.Rc3 Qe8 26.Ba6 Ra8 27.Bb5 Qe7 28.Rac1 Qb7 29.Nh2 Kh8
30.Qg4 Nh7 31.b4 axb4 32.axb4 Bf8 33.Rc7 Qb8 34.Rxf7 Ra7 35.Qg6 Rxf7 36.Qxf7 Rc8
37.Rxc8 Qxc8 38.Ng4 Qc2 39.Ne3 Qb1+ 40.Kh2 Ba2 41.Ng4 Qxb4 42.Bd3 Bb1 43.Nxh6  1-0

[Event "Pan-American Intercollegiate"]
[Site "South Padre Island USA"]
[Date "2009.12.29"]
[Round "5"]
[White "Petkov,At"]
[Black "Morales,Lu"]
[Result "1/2-1/2"]
[WhiteElo "2042"]
[BlackElo "2039"]

1.d4 e6 2.Nf3 Nf6 3.c4 b6 4.Nc3 Bb4 5.Qc2 Bb7 6.a3 Bxc3+ 7.Qxc3 Ne4 8.Qc2 f5
9.e3 O-O 10.b3 d6 11.Bb2 Nd7 12.O-O-O Ndf6 13.h3 Qe7 14.Bd3 c5 15.Kb1 cxd4
16.Nxd4 Nc5 17.f3 Nxd3 18.Qxd3 d5 19.Ka1 Ba6 20.Nb5 Rac8 21.Rc1 dxc4 22.bxc4 Rfd8
23.Qe2 Ne8 24.Rhd1 Nd6 25.a4 Nxb5 26.cxb5 Bb7 27.Rxc8 Rxc8 28.Qd2 Bd5 29.Rc1  1/2-1/2

[Event "15th Open"]
[Site "Bosnjaci CRO"]
[Date "2010.01.07"]
[Round "7"]
[White "Ivanov,StojanE"]
[Black "Ascic,P"]
[Result "1/2-1/2"]
[WhiteElo "2198"]
[BlackElo "2309"]

1.d4 Nf6 2.Nf3 e6 3.c4 b6 4.Nc3 Bb4 5.Bd2 Bb7 6.a3 Bxc3 7.Bxc3 O-O 8.b3 d6
9.g3 Nbd7 10.Bg2 Ne4 11.Bb2 Ng5 12.O-O Nxf3+ 13.Bxf3 Bxf3 14.exf3 a5  1/2-1/2

[Event "TCh-NED 2009-10"]
[Site "Netherlands NED"]
[Date "2010.01.09"]
[Round "5"]
[White "Hoffmann,Micha1"]
[Black "Rotstein,A"]
[Result "0-1"]
[WhiteElo "2509"]
[BlackElo "2538"]

1.d4 Nf6 2.c4 e6 3.Nf3 b6 4.Nc3 Bb7 5.a3 d5 6.Bg5 Be7 7.Bxf6 Bxf6 8.cxd5 exd5
9.Qb3 O-O 10.Rd1 c5 11.g3 Nc6 12.Bg2 Bxd4 13.Nxd4 Nxd4 14.Qa2 Re8 15.e3 Ba6
16.Bxd5 Qd7 17.Kd2 Rad8 18.Kc1 Ne2+ 19.Nxe2 Bxe2 20.Rde1 Bd3 21.e4 c4 22.Rd1 Qc7
23.Rhe1 b5 24.Re3 Kh8 25.Rf3 f6  0-1

[Event "8th Parsvnath Open"]
[Site "New Delhi IND"]
[Date "2010.01.18"]
[Round "7"]
[White "Kryakvin,D"]
[Black "Arun,Ka"]
[Result "1/2-1/2"]
[WhiteElo "2575"]
[BlackElo "2345"]

1.d4 Nf6 2.Nf3 e6 3.c4 b6 4.Nc3 Bb7 5.a3 d5 6.cxd5 Nxd5 7.Qc2 Nd7 8.Nxd5 exd5
9.Bg5 Qc8 10.e3 Bd6 11.Bd3 h6 12.Bh4 O-O 13.Rc1 c5 14.Bf5 Qe8 15.Bg3 Be7
16.Qe2 Nf6 17.dxc5 bxc5 18.O-O Ne4 19.Ne5 Qa4 20.Qg4 Qa6 21.Rfd1 Nxg3 22.hxg3 Rfd8
23.b4 c4 24.b5 Qf6 25.Nd7 Qg5 26.Qxg5 hxg5 27.Ne5 g6 28.Bd7 Bxa3 29.Rc2 Bd6
30.Bc6 Bxe5 31.Bxb7 Rab8 32.Bxd5 c3 33.e4 Kf8 34.Rb1 Rd6 35.Ra1 Bd4 36.Ra4 Be5
37.Rxa7 Rxb5 38.Rxf7+ Ke8 39.Ra7 Rb2 40.Ra2 Rxc2 41.Rxc2 Rb6 42.Bc4 Rb1+
43.Kh2 g4 44.Be2 Rb2 45.Bd3 Ke7 46.f4 gxf3 47.gxf3 g5 48.Kh3 Rxc2 49.Bxc2 Kf6
50.Kg4 Bd6  1/2-1/2